Normal view
MARC view
Entry Personal Name
001 - CONTROL NUMBER
- control field: 6738
003 - CONTROL NUMBER IDENTIFIER
- control field: OSt
005 - DATE AND TIME OF LATEST TRANSACTION
- control field: 20190704054425.0
008 - FIXED-LENGTH DATA ELEMENTS
- fixed length control field: 190704|| aca||aabn | a|a d
040 ## - CATALOGING SOURCE
- Original cataloging agency: OSt
- Transcribing agency: OSt
100 ## - HEADING--PERSONAL NAME
- Personal name: Chang, Tom Y. et al
670 ## - SOURCE DATA FOUND
- Source citation: Work cat.: (OSt): Chang, Tom Y. et al, The effect of pollution on worker productivity: evidence form call center workers in China, 2019
